| 000 | 01401nam0a22003011 4500 | ||
|---|---|---|---|
| 001 | rc\29226 | ||
| 005 | 20260407095121.0 | ||
| 035 | _a(NLR Aleph) 005315116 | ||
| 090 |
_a6427517 _c6427517 |
||
| 100 | _a20021216d1991 |||y0rusy50 ca | ||
| 101 | 0 | _arus | |
| 102 | _aRU | ||
| 105 | _ay ||||||||| | ||
| 200 | 1 |
_aЗофье Налковской посвящается... _eМатериалы науч. конф., 16-18 мая 1989 г., Гродно, СССР _fПод общ. ред. С.Ф. Мусиенко, С.А. Габрусевича |
|
| 210 |
_aМинск _cПолымя _d1991 |
||
| 215 |
_a176 с. _d22 |
||
| 300 | _aВ надзаг.: Гродн. гос. ун-т им. Янки Купалы | ||
| 300 | _aЧасть текста: белорус., пол. | ||
| 320 | _aБиблиогр. в примеч. в конце докл. | ||
| 600 | 1 |
_aНалковская _bЗ. _gЗофья _2psbo |
|
| 702 | 1 |
_aМусиенко _bС.Ф. _gСветлана Филипповна _4340 |
|
| 712 | 0 | 2 |
_aГродненский государственный университет им. Я. Купалы _3RU\NLR\AUTH\889921827 _9339729 |
| 712 | 1 | 2 |
_a"Творчество Зофьи Налковской и славянские литературы", науч. конф. _f1989 _eГродно |
| 801 | 0 |
_aRU _bNLR _gpsbo |
|
| 801 | 1 |
_aRU _bELAR _2rusmarc |
|
| 852 |
_aNLR _j92-5/396 |
||
| 942 | _cBOOK | ||
| 980 | _aNB | ||